[Event "Kandidatklassen"]
[Site "?"]
[Date "2018.03.27"]
[Round "1.1"]
[White "Haubro (2376), IM Martin"]
[Black "Miqueu (2159), Jean-Phillipe"]
[Result "1/2-1/2"]
[BlackElo "2159"]
[WhiteElo "2376"]
[LiveChessVersion "1.4.8"]

1. e4 {[%clk 1:30:57]} e5 {[%clk 1:30:51]} 2. Nf3 {[%clk 1:31:22]} Nc6
{[%clk 1:31:15]} 3. Bb5 {[%clk 1:31:48]} a6 {[%clk 1:31:38]} 4. Ba4
{[%clk 1:32:15]} Nf6 {[%clk 1:32:00]} 5. O-O {[%clk 1:32:42]} Be7
{[%clk 1:32:22]} 6. Re1 {[%clk 1:33:09]} b5 {[%clk 1:32:45]} 7. Bb3
{[%clk 1:33:36]} d6 {[%clk 1:33:07]} 8. c3 {[%clk 1:34:03]} O-O {[%clk 1:33:29]}
9. h3 {[%clk 1:34:28]} Nb8 {[%clk 1:33:52]} 10. d4 {[%clk 1:34:53]} Nbd7
{[%clk 1:34:14]} 11. Nbd2 {[%clk 1:35:11]} Bb7 {[%clk 1:34:25]} 12. Bc2
{[%clk 1:35:31]} Re8 {[%clk 1:34:36]} 13. Nf1 {[%clk 1:33:44]} Bf8
{[%clk 1:34:49]} 14. Ng3 {[%clk 1:34:11]} g6 {[%clk 1:35:01]} 15. a4
{[%clk 1:34:37]} c5 {[%clk 1:35:05]} 16. d5 {[%clk 1:35:03]} c4 {[%clk 1:35:28]}
17. Bg5 {[%clk 1:35:27]} Nc5 {[%clk 1:34:49]} 18. Qd2 {[%clk 1:35:08]} Be7
{[%clk 1:34:37]} 19. Bh6 {[%clk 1:16:56]} Nfd7 {[%clk 1:33:23]} 20. Re2
{[%clk 0:57:14]} Nxa4 {[%clk 1:24:49]} 21. Bxa4 {[%clk 0:57:33]} bxa4
{[%clk 1:25:11]} 22. Rxa4 {[%clk 0:57:04]} a5 {[%clk 1:25:02]} 23. Be3
{[%clk 0:42:54]} Ba6 {[%clk 1:20:55]} 24. Nh2 {[%clk 0:41:33]} h5
{[%clk 1:12:59]} 25. Nh1 {[%clk 0:37:54]} Qc7 {[%clk 0:56:36]} 26. g4
{[%clk 0:30:25]} Nf6 {[%clk 0:48:17]} 27. Bg5 {[%clk 0:28:52]} hxg4
{[%clk 0:43:28]} 28. hxg4 {[%clk 0:29:18]} Bb5 {[%clk 0:36:48]} 29. Ra3
{[%clk 0:29:29]} Qd8 {[%clk 0:36:03]} 30. Bh6 {[%clk 0:28:17]} Nh7
{[%clk 0:33:27]} 31. f3 {[%clk 0:18:20]} Bg5 {[%clk 0:29:50]} 32. Bxg5
{[%clk 0:18:47]} Nxg5 {[%clk 0:30:05]} 33. Nf2 {[%clk 0:12:28]} Qf6
{[%clk 0:25:45]} 34. Kg2 {[%clk 0:06:43]} Kg7 {[%clk 0:25:14]} 35. Nh3
{[%clk 0:05:47]} Nxh3 {[%clk 0:22:21]} 36. Kxh3 {[%clk 0:06:14]} Rh8+
{[%clk 0:07:28]} 37. Kg2 {[%clk 0:06:40]} Qh4 {[%clk 0:04:23]} 38. Kf1
{[%clk 0:07:06]} a4 {[%clk 0:01:46]} 39. Rg2 {[%clk 0:06:48]} Rh7
{[%clk 0:01:06]} 40. Kg1 {[%clk 0:05:49]} Rah8 {[%clk 0:00:49]} 41. Ra1
{[%clk 0:03:21]} Qd8 {[%clk 0:22:19]} 42. f4 {[%clk 0:30:04]} Qb6+
{[%clk 0:17:59]} 43. Kh1 {[%clk 0:30:27]} Rh4 {[%clk 0:13:01]} 44. Rf1
{[%clk 0:30:32]} Bd7 {[%clk 0:12:07]} 45. f5 {[%clk 0:30:07]} Qd8
{[%clk 0:06:21]} 46. Qe2 {[%clk 0:26:59]} Qe8 {[%clk 0:02:11]} 47. Kg1
{[%clk 0:26:30]} f6 {[%clk 0:01:52]} 48. fxg6 {[%clk 0:23:00]} Kxg6
{[%clk 0:01:20]} 49. Rf3 {[%clk 0:19:15]} Kg7 {[%clk 0:00:37]} 50. Qxc4
{[%clk 0:18:52]} Qd8 {[%clk 0:00:46]} 51. Qe2 {[%clk 0:17:31]} Qb6+
{[%clk 0:00:37]} 52. Qf2 {[%clk 0:15:12]} Qd8 {[%clk 0:00:35]} 53. Qe3
{[%clk 0:15:19]} Kg6 {[%clk 0:00:45]} 54. Rf5 {[%clk 0:08:43]} Bxf5
{[%clk 0:00:49]} 55. gxf5+ {[%clk 0:09:08]} Kf7 {[%clk 0:00:58]} 56. Qa7+
{[%clk 0:09:34]} Kf8 {[%clk 0:01:15]} 57. Rg7 {[%clk 0:03:20]} Qe8
{[%clk 0:01:11]} 58. Ng4 {[%clk 0:03:44]} Rxg4+ {[%clk 0:00:55]} 59. Rxg4
{[%clk 0:04:09]} Rg8 {[%clk 0:00:55]} 60. Rxg8+ {[%clk 0:04:21]} Kxg8
{[%clk 0:01:21]} 61. Kf2 {[%clk 0:03:17]} Qb5 {[%clk 0:01:31]} 62. Qe7
{[%clk 0:01:55]} Qxb2+ {[%clk 0:01:47]} 63. Kf3 {[%clk 0:02:02]} a3
{[%clk 0:01:34]} 64. Qe8+ {[%clk 0:02:26]} Kg7 {[%clk 0:01:42]} 65. Qg6+
{[%clk 0:02:51]} Kf8 {[%clk 0:01:23]} 66. Qxf6+ {[%clk 0:03:16]} Ke8
{[%clk 0:01:13]} 67. Qe6+ {[%clk 0:03:42]} Kd8 {[%clk 0:01:14]} 68. Qxd6+
{[%clk 0:04:07]} Kc8 {[%clk 0:01:01]} 69. Qc6+ {[%clk 0:04:32]} Kb8
{[%clk 0:00:56]} 70. f6 {[%clk 0:04:38]} Qc1 {[%clk 0:01:22]} 71. Qe8+
{[%clk 0:02:08]} Kb7 {[%clk 0:01:42]} 72. Qe7+ {[%clk 0:01:29]} Ka6
{[%clk 0:00:55]} 73. Qxe5 {[%clk 0:01:15]} a2 {[%clk 0:01:07]} 74. Qd6+
{[%clk 0:01:40]} Ka7 {[%clk 0:01:08]} 75. Qc7+ {[%clk 0:02:04]} Ka6
{[%clk 0:00:43]} 76. Qc4+ {[%clk 0:02:30]} Kb7 {[%clk 0:01:07]} 77. Qxa2
{[%clk 0:02:55]} Qxc3+ {[%clk 0:01:30]} 78. Kg4 {[%clk 0:02:53]} Qxf6
{[%clk 0:01:54]} 79. Qb3+ {[%clk 0:03:18]} Kc7 {[%clk 0:01:26]} 80. Qc4+
{[%clk 0:03:36]} Kd8 {[%clk 0:01:39]} 81. Qc6 {[%clk 0:03:04]} Qf2
{[%clk 0:01:59]} 82. Qd6+ {[%clk 0:03:14]} Ke8 {[%clk 0:01:51]} 83. Qe6+
{[%clk 0:03:34]} Kd8 {[%clk 0:02:15]} 84. d6 {[%clk 0:00:55]} Qg3+
{[%clk 0:02:17]} 1/2-1/2

[Event "Kandidatklassen"]
[Site "?"]
[Date "2018.03.27"]
[Round "1.2"]
[White "Manosri Jacobsen (2154), FM Mikkel"]
[Black "Aabling-Thomsen (2358), IM Jakob"]
[Result "1-0"]
[BlackElo "2358"]
[WhiteElo "2154"]
[LiveChessVersion "1.4.8"]

1. Nc3 {[%clk 1:30:55]} c5 {[%clk 1:26:57]} 2. Nf3 {[%clk 1:29:41]} g6
{[%clk 1:24:25]} 3. g3 {[%clk 1:28:42]} Bg7 {[%clk 1:24:41]} 4. Bg2
{[%clk 1:28:59]} Nc6 {[%clk 1:24:29]} 5. O-O {[%clk 1:28:38]} d5 {[%clk 1:22:54]}
6. d3 {[%clk 1:28:09]} Nf6 {[%clk 1:17:56]} 7. e4 {[%clk 1:27:29]} d4
{[%clk 1:15:38]} 8. Ne2 {[%clk 1:26:34]} e5 {[%clk 1:11:04]} 9. b4
{[%clk 1:09:47]} cxb4 {[%clk 1:09:37]} 10. a3 {[%clk 1:10:11]} b3
{[%clk 1:04:05]} 11. cxb3 {[%clk 1:09:53]} O-O {[%clk 1:04:28]} 12. Ne1
{[%clk 0:57:09]} Be6 {[%clk 0:55:28]} 13. f4 {[%clk 0:44:14]} Qb6
{[%clk 0:53:12]} 14. Rb1 {[%clk 0:43:13]} a5 {[%clk 0:53:02]} 15. f5
{[%clk 0:36:31]} gxf5 {[%clk 0:49:52]} 16. Bg5 {[%clk 0:31:25]} Nxe4
{[%clk 0:44:27]} 17. dxe4 {[%clk 0:30:41]} d3+ {[%clk 0:44:45]} 18. Kh1
{[%clk 0:30:48]} dxe2 {[%clk 0:44:37]} 19. Qxe2 {[%clk 0:31:13]} Nd4
{[%clk 0:37:44]} 20. Qh5 {[%clk 0:20:02]} f6 {[%clk 0:30:41]} 21. Be3
{[%clk 0:19:48]} Bf7 {[%clk 0:16:46]} 22. Qh4 {[%clk 0:16:42]} fxe4
{[%clk 0:16:13]} 23. Bxe4 {[%clk 0:14:02]} Bg6 {[%clk 0:16:25]} 24. Bxg6
{[%clk 0:11:39]} hxg6 {[%clk 0:16:54]} 25. Nf3 {[%clk 0:11:58]} Rad8 26. b4
{[%clk 0:08:57]} Qc6 {[%clk 0:12:01]} 27. Bxd4 {[%clk 0:08:14]} Rxd4
{[%clk 0:12:25]} 28. Qh3 {[%clk 0:07:16]} Rd3 {[%clk 0:12:00]} 29. Rbc1
{[%clk 0:05:55]} Qd6 {[%clk 0:05:11]} 30. bxa5 {[%clk 0:04:20]} Qd5
{[%clk 0:04:38]} 31. Qg2 {[%clk 0:01:44]} Bh6 {[%clk 0:03:41]} 32. Rc7
{[%clk 0:01:59]} Rxa3 {[%clk 0:03:13]} 33. g4 {[%clk 0:01:01]} Ra2
{[%clk 0:00:59]} 34. Qh3 {[%clk 0:01:09]} Bg7 {[%clk 0:01:18]} 35. g5
{[%clk 0:01:04]} f5 {[%clk 0:01:01]} 36. Re1 {[%clk 0:00:53]} e4 {[%clk 0:00:35]}
37. Rxg7+ {[%clk 0:00:44]} Kxg7 {[%clk 0:01:04]} 38. Qh6+ {[%clk 0:01:06]} Kf7
{[%clk 0:01:26]} 39. Qh7+ {[%clk 0:01:27]} Ke8 {[%clk 0:01:05]} 40. Rc1
{[%clk 0:01:42]} Qe6 {[%clk 0:30:30]} 41. Qxb7 {[%clk 0:10:39]} Qd7
{[%clk 0:05:18]} 42. Rc8+ {[%clk 0:07:29]} Ke7 {[%clk 0:05:42]} 43. Qb4+
{[%clk 0:07:13]} Ke6 {[%clk 0:04:37]} 44. Qc4+ {[%clk 0:07:35]} Ke7
{[%clk 0:03:38]} 45. Qc5+ {[%clk 0:07:31]} Qd6 {[%clk 0:03:23]} 46. Rc7+
{[%clk 0:07:56]} Ke6 {[%clk 0:01:28]} 47. Nd4+ {[%clk 0:08:16]} Qxd4
{[%clk 0:01:32]} 48. Re7# {[%clk 0:08:42]} 1-0

[Event "Kandidatklassen"]
[Site "?"]
[Date "2018.03.27"]
[Round "1.3"]
[White "Haarmark Nielsen (2308), Viktor"]
[Black "Abildlund Brorsen (2145), Jacob"]
[Result "1/2-1/2"]
[BlackElo "2145"]
[WhiteElo "2308"]
[LiveChessVersion "1.4.8"]

1. e4 {[%clk 1:30:57]} e5 {[%clk 1:30:36]} 2. Nf3 {[%clk 1:31:20]} Nc6
{[%clk 1:31:00]} 3. Bb5 {[%clk 1:31:36]} Nf6 {[%clk 1:31:25]} 4. O-O
{[%clk 1:29:58]} Nxe4 {[%clk 1:25:52]} 5. Re1 {[%clk 1:28:34]} Nd6
{[%clk 1:13:49]} 6. Nxe5 {[%clk 1:28:49]} Be7 {[%clk 1:13:45]} 7. Bf1
{[%clk 1:29:12]} O-O {[%clk 1:12:32]} 8. d4 {[%clk 1:29:27]} Bf6 {[%clk 1:09:21]}
9. Bf4 {[%clk 1:25:48]} Nf5 {[%clk 0:59:06]} 10. c3 {[%clk 1:24:10]} d6
{[%clk 0:47:39]} 11. Nf3 {[%clk 1:17:08]} Nfe7 {[%clk 0:41:08]} 12. Nbd2
{[%clk 1:05:20]} Ng6 {[%clk 0:39:27]} 13. Bg3 {[%clk 1:00:50]} Rb8
{[%clk 0:34:32]} 14. Bd3 {[%clk 0:52:14]} Bd7 {[%clk 0:31:23]} 15. a4
{[%clk 0:43:13]} Qc8 {[%clk 0:27:03]} 16. Qc2 {[%clk 0:41:31]} a6
{[%clk 0:26:27]} 17. h3 {[%clk 0:27:44]} Re8 {[%clk 0:24:02]} 18. Rxe8+
{[%clk 0:27:09]} Qxe8 {[%clk 0:23:33]} 19. Re1 {[%clk 0:26:46]} Qd8
{[%clk 0:22:16]} 20. d5 {[%clk 0:25:03]} Nce7 {[%clk 0:19:17]} 21. c4
{[%clk 0:25:23]} b5 {[%clk 0:18:20]} 22. axb5 {[%clk 0:16:03]} axb5
{[%clk 0:17:42]} 23. Ne4 {[%clk 0:16:27]} Bxb2 {[%clk 0:09:20]} 24. c5
{[%clk 0:16:05]} Be5 {[%clk 0:08:56]} 25. Nxe5 {[%clk 0:13:23]} dxe5
{[%clk 0:08:57]} 26. d6 {[%clk 0:08:34]} Nc6 {[%clk 0:07:30]} 27. Qb2
{[%clk 0:06:41]} cxd6 {[%clk 0:03:22]} 28. Nxd6 {[%clk 0:06:41]} Be6
{[%clk 0:03:25]} 29. Bxg6 {[%clk 0:04:08]} hxg6 {[%clk 0:03:54]} 30. Bxe5
{[%clk 0:04:31]} Nxe5 {[%clk 0:03:33]} 31. Qxe5 {[%clk 0:02:40]} b4
{[%clk 0:03:13]} 32. c6 {[%clk 0:01:20]} b3 {[%clk 0:02:25]} 33. Nb7
{[%clk 0:01:47]} Qc8 {[%clk 0:01:59]} 34. Rb1 {[%clk 0:00:52]} Ra8
{[%clk 0:00:57]} 35. Nc5 Qxc6 {[%clk 0:00:41]} 36. Nxe6 {[%clk 0:01:09]} Qxe6
{[%clk 0:00:52]} 37. Qxe6 {[%clk 0:01:32]} fxe6 {[%clk 0:01:18]} 38. Rxb3
{[%clk 0:01:57]} Kf7 {[%clk 0:01:13]} 39. Kh2 {[%clk 0:02:05]} g5
{[%clk 0:01:15]} 40. Kg3 {[%clk 0:01:47]} Ra4 {[%clk 0:00:41]} 41. Rf3+
{[%clk 0:01:56]} Kg6 {[%clk 0:00:54]} 42. Rf8 {[%clk 0:02:10]} Rb4
{[%clk 0:00:55]} 43. Re8 {[%clk 0:02:31]} Kf7 {[%clk 0:01:01]} 44. Ra8
{[%clk 0:02:45]} Kf6 {[%clk 0:01:15]} 45. Re8 {[%clk 0:03:07]} Kf7
{[%clk 0:01:39]} 46. Ra8 {[%clk 0:03:33]} Kf6 {[%clk 0:01:58]} 47. Re8
{[%clk 0:03:58]} Kf7 {[%clk 0:02:12]} 1/2-1/2

[Event "Kandidatklassen"]
[Site "?"]
[Date "2018.03.27"]
[Round "1.4"]
[White "Bæhring Madsen (2140), Michael"]
[Black "Nørskov Laursen (2291), FM Niels"]
[Result "0-1"]
[BlackElo "2291"]
[WhiteElo "2140"]
[LiveChessVersion "1.4.8"]

1. d4 {[%clk 1:30:57]} d6 {[%clk 1:30:48]} 2. Nf3 {[%clk 1:31:16]} Nf6
{[%clk 1:30:49]} 3. c4 {[%clk 1:31:33]} g6 {[%clk 1:31:08]} 4. Nc3
{[%clk 1:31:53]} Bg7 {[%clk 1:31:26]} 5. e4 {[%clk 1:32:15]} O-O {[%clk 1:31:45]}
6. Bd3 {[%clk 1:32:29]} c5 {[%clk 1:31:02]} 7. d5 {[%clk 1:31:25]} e6
{[%clk 1:31:18]} 8. h3 {[%clk 1:25:16]} exd5 {[%clk 1:31:28]} 9. exd5
{[%clk 1:25:43]} Re8+ {[%clk 1:29:51]} 10. Be3 {[%clk 1:26:05]} Nh5
{[%clk 1:15:20]} 11. O-O {[%clk 1:25:53]} Nd7 {[%clk 1:04:40]} 12. Qd2
{[%clk 1:23:06]} Ne5 {[%clk 0:58:28]} 13. Nxe5 {[%clk 1:23:06]} Rxe5
{[%clk 0:57:44]} 14. Ne2 {[%clk 1:20:42]} Qe7 {[%clk 0:45:55]} 15. Rae1
{[%clk 1:18:33]} Bd7 {[%clk 0:40:52]} 16. Kh1 {[%clk 1:05:23]} Re8
{[%clk 0:38:42]} 17. Ng1 {[%clk 1:05:45]} Ng3+ {[%clk 0:30:02]} 18. fxg3
{[%clk 1:06:05]} Rxe3 {[%clk 0:30:25]} 19. Nf3 {[%clk 1:06:20]} b6
{[%clk 0:23:13]} 20. Rd1 {[%clk 1:00:46]} Qf6 {[%clk 0:20:16]} 21. Rf2
{[%clk 0:59:45]} Qe7 {[%clk 0:15:32]} 22. Rdf1 {[%clk 0:58:17]} f5
{[%clk 0:13:40]} 23. Rd1 {[%clk 0:50:43]} Bh6 {[%clk 0:13:20]} 24. Qc2
{[%clk 0:49:11]} Qg7 {[%clk 0:12:46]} 25. a3 {[%clk 0:48:35]} R3e7
{[%clk 0:12:32]} 26. b4 {[%clk 0:46:55]} Be3 {[%clk 0:11:44]} 27. Re2
{[%clk 0:44:44]} f4 {[%clk 0:09:40]} 28. gxf4 {[%clk 0:37:08]} Bxf4
{[%clk 0:10:03]} 29. Rde1 {[%clk 0:36:53]} Rxe2 {[%clk 0:09:26]} 30. Rxe2
{[%clk 0:35:50]} Qa1+ {[%clk 0:08:40]} 31. Ng1 {[%clk 0:36:00]} Be3
{[%clk 0:06:21]} 32. Qb1 {[%clk 0:35:09]} Qxb1 {[%clk 0:06:17]} 33. Bxb1
{[%clk 0:35:31]} Bc1 {[%clk 0:05:40]} 34. Rxe8+ {[%clk 0:31:59]} Bxe8
{[%clk 0:06:05]} 35. bxc5 {[%clk 0:32:26]} bxc5 {[%clk 0:06:16]} 36. Ne2
{[%clk 0:32:50]} Bxa3 {[%clk 0:06:34]} 37. Nc3 {[%clk 0:31:21]} Kf7
{[%clk 0:06:07]} 38. Ne4 {[%clk 0:27:53]} Ke7 {[%clk 0:06:28]} 39. Kg1
{[%clk 0:28:05]} Bc1 {[%clk 0:04:18]} 40. Kf2 {[%clk 0:26:52]} Ba4
{[%clk 0:04:01]} 41. Ke2 {[%clk 0:23:54]} Bb3 {[%clk 0:02:42]} 42. Kd3
{[%clk 0:24:08]} Ba4 {[%clk 0:23:59]} 43. Bc2 {[%clk 0:54:07]} Bd7
{[%clk 0:24:05]} 44. g4 {[%clk 0:51:51]} a5 {[%clk 0:21:57]} 45. Nc3
{[%clk 0:47:20]} Kf6 {[%clk 0:14:57]} 46. Ke4 {[%clk 0:47:36]} h5
{[%clk 0:13:50]} 47. Bd1 {[%clk 0:47:54]} hxg4 {[%clk 0:12:45]} 48. Bxg4
{[%clk 0:42:34]} Bf5+ {[%clk 0:08:55]} 0-1

[Event "Kandidatklassen"]
[Site "?"]
[Date "2018.03.27"]
[Round "1.5"]
[White "Valentin Rostgaard (2288), FM Tobias"]
[Black "Guillermo Quiñones-Maletti (2133), Julio"]
[Result "1-0"]
[BlackElo "2133"]
[WhiteElo "2288"]
[LiveChessVersion "1.4.8"]

1. d4 {[%clk 1:30:56]} Nf6 {[%clk 1:30:31]} 2. Bf4 {[%clk 1:30:56]} g6
{[%clk 1:30:51]} 3. e3 {[%clk 1:31:16]} Bg7 {[%clk 1:31:13]} 4. Nf3
{[%clk 1:31:34]} c5 {[%clk 1:31:34]} 5. c3 {[%clk 1:31:29]} b6 {[%clk 1:31:23]}
6. Be2 {[%clk 1:29:32]} O-O {[%clk 1:30:57]} 7. O-O {[%clk 1:29:42]} Bb7
{[%clk 1:31:15]} 8. h3 {[%clk 1:29:53]} d5 {[%clk 1:31:30]} 9. Nbd2
{[%clk 1:27:55]} Nc6 {[%clk 1:31:40]} 10. Qa4 {[%clk 1:21:19]} Nd7
{[%clk 1:15:34]} 11. Rfd1 {[%clk 1:19:22]} a6 {[%clk 0:52:15]} 12. Rab1
{[%clk 1:08:10]} Rc8 {[%clk 0:40:58]} 13. Qb3 {[%clk 1:03:25]} Re8
{[%clk 0:36:29]} 14. Qxd5 {[%clk 0:50:57]} Nxd4 {[%clk 0:29:37]} 15. Qxb7
{[%clk 0:51:17]} Nxe2+ {[%clk 0:29:59]} 16. Kf1 {[%clk 0:51:27]} Nxf4
{[%clk 0:29:53]} 17. exf4 {[%clk 0:51:49]} Qc7 {[%clk 0:24:38]} 18. Qxa6
{[%clk 0:51:47]} Qxf4 {[%clk 0:21:22]} 19. Nc4 {[%clk 0:50:06]} Qe4
{[%clk 0:20:55]} 20. Qb5 {[%clk 0:43:46]} Rc7 {[%clk 0:14:50]} 21. Nxb6
{[%clk 0:41:09]} Rb8 {[%clk 0:07:28]} 22. Qc4 {[%clk 0:41:07]} Qc2
{[%clk 0:07:44]} 23. Nd5 {[%clk 0:20:56]} Rxb2 {[%clk 0:06:09]} 24. Rxb2
{[%clk 0:21:04]} Qxd1+ {[%clk 0:06:16]} 25. Ne1 {[%clk 0:21:24]} Ne5
{[%clk 0:04:48]} 26. Rb8+ {[%clk 0:21:37]} Bf8 {[%clk 0:05:03]} 27. Qe4
{[%clk 0:21:41]} Rd7 {[%clk 0:04:42]} 28. Qxe5 {[%clk 0:21:56]} Qxd5
{[%clk 0:04:51]} 29. Rxf8+ 1-0

[Event "Kandidatklassen"]
[Site "?"]
[Date "2018.03.27"]
[Round "1.6"]
[White "Brustrup Petersen (2109), Steen"]
[Black "Stentebjerg-Hansen (2231), Per"]
[Result "1/2-1/2"]
[BlackElo "2231"]
[WhiteElo "2109"]
[LiveChessVersion "1.4.8"]

1. e4 {[%clk 1:30:56]} c6 {[%clk 1:30:02]} 2. d4 {[%clk 1:31:18]} d5
{[%clk 1:30:22]} 3. Nd2 {[%clk 1:31:42]} dxe4 {[%clk 1:30:41]} 4. Nxe4
{[%clk 1:32:06]} Bf5 {[%clk 1:31:07]} 5. Ng3 {[%clk 1:32:27]} Bg6
{[%clk 1:31:33]} 6. h4 {[%clk 1:32:46]} h6 {[%clk 1:32:00]} 7. Nf3
{[%clk 1:32:59]} Nd7 {[%clk 1:31:32]} 8. h5 {[%clk 1:33:14]} Bh7 {[%clk 1:31:58]}
9. Bd3 {[%clk 1:33:31]} Bxd3 {[%clk 1:32:21]} 10. Qxd3 {[%clk 1:33:56]} e6
{[%clk 1:32:17]} 11. Bd2 {[%clk 1:33:46]} Ngf6 {[%clk 1:32:32]} 12. O-O-O
{[%clk 1:33:37]} Be7 {[%clk 1:32:52]} 13. Kb1 {[%clk 1:32:26]} O-O
{[%clk 1:31:24]} 14. Ne4 {[%clk 1:30:29]} Nxe4 {[%clk 1:31:44]} 15. Qxe4
{[%clk 1:30:53]} Nf6 {[%clk 1:32:09]} 16. Qe2 {[%clk 1:30:58]} Qd5
{[%clk 1:31:55]} 17. Ne5 {[%clk 1:14:01]} Qe4 {[%clk 1:23:11]} 18. Qxe4
{[%clk 0:59:40]} Nxe4 {[%clk 1:23:10]} 1/2-1/2

[Event "Kandidatklassen"]
[Site "?"]
[Date "2018.03.27"]
[Round "1.7"]
[White "Jørgen Jørgensen (2226), Brian"]
[Black "Hardlei (2092), Johan"]
[Result "1-0"]
[BlackElo "2092"]
[WhiteElo "2228"]
[LiveChessVersion "1.4.8"]

1. d4 {[%clk 1:30:56]} Nf6 {[%clk 1:24:05]} 2. Bf4 {[%clk 1:31:15]} g6
{[%clk 1:21:03]} 3. e3 {[%clk 1:31:33]} Bg7 {[%clk 1:21:57]} 4. Nf3
{[%clk 1:32:27]} O-O {[%clk 1:22:09]} 5. Be2 {[%clk 1:32:52]} d6 {[%clk 1:19:20]}
6. O-O {[%clk 1:33:10]} Nbd7 {[%clk 1:18:03]} 7. h3 {[%clk 1:31:26]} Re8
{[%clk 1:15:19]} 8. Bh2 {[%clk 1:22:40]} c5 {[%clk 1:10:06]} 9. c3
{[%clk 1:14:34]} b6 {[%clk 0:56:56]} 10. a4 {[%clk 1:13:52]} Bb7 {[%clk 0:56:40]}
11. a5 {[%clk 1:14:10]} a6 {[%clk 0:51:54]} 12. axb6 {[%clk 1:13:11]} Qxb6
{[%clk 0:51:35]} 13. Nbd2 {[%clk 1:09:58]} cxd4 {[%clk 0:43:10]} 14. exd4
{[%clk 1:06:26]} Bd5 {[%clk 0:30:33]} 15. Qc2 {[%clk 1:01:38]} Reb8
{[%clk 0:23:28]} 16. b4 {[%clk 0:49:41]} Qc6 {[%clk 0:14:32]} 17. Bd3
{[%clk 0:44:43]} Bh6 {[%clk 0:04:04]} 18. Rfe1 {[%clk 0:34:14]} Bxd2
{[%clk 0:02:58]} 19. Qxd2 {[%clk 0:34:11]} Bxf3 {[%clk 0:02:25]} 20. gxf3
{[%clk 0:34:33]} e6 {[%clk 0:00:36]} 21. c4 {[%clk 0:25:04]} Rc8 {[%clk 0:00:48]}
22. Be2 {[%clk 0:23:44]} d5 {[%clk 0:00:35]} 23. c5 {[%clk 0:23:43]} Ne8
{[%clk 0:00:37]} 24. Qd3 {[%clk 0:23:33]} Nb8 {[%clk 0:00:32]} 25. Qe3
{[%clk 0:20:45]} Nc7 {[%clk 0:00:32]} 26. Ra2 {[%clk 0:17:50]} Nb5
{[%clk 0:00:37]} 27. Rea1 {[%clk 0:15:53]} Nd7 {[%clk 0:00:32]} 28. Ra5
{[%clk 0:14:12]} Re8 {[%clk 0:00:33]} 29. Kg2 {[%clk 0:09:43]} h5
{[%clk 0:00:32]} 30. Qf4 {[%clk 0:08:45]} Kg7 {[%clk 0:00:32]} 31. Bxb5
{[%clk 0:05:06]} axb5 {[%clk 0:00:53]} 32. Rxa8 {[%clk 0:05:30]} Rxa8
{[%clk 0:01:20]} 33. Rxa8 {[%clk 0:05:52]} Qxa8 {[%clk 0:01:48]} 34. Qc7
{[%clk 0:06:12]} Nf8 {[%clk 0:00:33]} 35. Be5+ {[%clk 0:05:45]} Kg8
{[%clk 0:00:39]} 36. Qe7 {[%clk 0:03:02]} Nh7 {[%clk 0:00:32]} 37. c6
{[%clk 0:02:44]} Qxc6 {[%clk 0:00:32]} 38. Qd8+ {[%clk 0:03:07]} 1-0

[Event "Kandidatklassen"]
[Site "?"]
[Date "2018.03.27"]
[Round "1.8"]
[White "Kistrup (2082), Nicolai"]
[Black "Moe (2226), FM Mogens"]
[Result "0-1"]
[BlackElo "2228"]
[WhiteElo "2082"]
[LiveChessVersion "1.4.8"]

1. d4 {[%clk 1:30:48]} Nf6 {[%clk 1:30:50]} 2. c4 {[%clk 1:30:48]} g6
{[%clk 1:31:13]} 3. Nc3 {[%clk 1:30:43]} d5 {[%clk 1:31:33]} 4. cxd5
{[%clk 1:30:50]} Nxd5 {[%clk 1:31:56]} 5. e4 {[%clk 1:31:07]} Nxc3
{[%clk 1:32:16]} 6. bxc3 {[%clk 1:31:28]} Bg7 {[%clk 1:32:39]} 7. Nf3
{[%clk 1:31:24]} c5 {[%clk 1:32:50]} 8. Rb1 {[%clk 1:27:07]} O-O {[%clk 1:33:02]}
9. Be2 {[%clk 1:26:20]} Qa5 {[%clk 1:33:11]} 10. O-O {[%clk 1:15:21]} Qxa2
{[%clk 1:32:47]} 11. Bg5 {[%clk 1:04:56]} Qe6 {[%clk 1:31:07]} 12. Qc2
{[%clk 0:58:24]} Nd7 {[%clk 1:20:33]} 13. d5 {[%clk 0:51:57]} Qd6
{[%clk 1:20:32]} 14. Rfd1 {[%clk 0:39:54]} a6 {[%clk 1:08:41]} 15. Bh4
{[%clk 0:31:23]} e5 {[%clk 0:59:57]} 16. dxe6 {[%clk 0:25:12]} Qxe6
{[%clk 1:00:16]} 17. Rd5 {[%clk 0:19:47]} b5 {[%clk 0:53:03]} 18. Rbd1
{[%clk 0:17:00]} Ra7 {[%clk 0:51:10]} 19. Bg3 {[%clk 0:10:59]} Nf6
{[%clk 0:41:54]} 20. Ng5 {[%clk 0:07:41]} Qb6 {[%clk 0:35:44]} 21. Rd6
{[%clk 0:05:02]} Qa5 {[%clk 0:36:02]} 22. e5 {[%clk 0:03:27]} Bf5
{[%clk 0:34:37]} 23. Qb2 {[%clk 0:03:06]} Ne4 {[%clk 0:29:28]} 24. Nxe4
{[%clk 0:01:20]} Bxe4 {[%clk 0:29:52]} 25. Ra1 {[%clk 0:00:48]} Qc7
{[%clk 0:29:49]} 26. Rdxa6 {[%clk 0:00:42]} Rxa6 {[%clk 0:30:06]} 27. Rxa6
{[%clk 0:01:02]} Bxe5 {[%clk 0:29:07]} 28. Qxb5 {[%clk 0:00:44]} Rb8
{[%clk 0:27:03]} 29. Qc4 {[%clk 0:00:37]} Rb1+ {[%clk 0:26:10]} 30. Bf1
{[%clk 0:01:00]} Bxg3 {[%clk 0:25:51]} 31. fxg3 {[%clk 0:00:39]} Qb7
{[%clk 0:26:00]} 32. Rf6 {[%clk 0:00:36]} Bxg2 {[%clk 0:23:29]} 33. Rf2
{[%clk 0:00:36]} Bh3 {[%clk 0:22:34]} 34. Qe2 {[%clk 0:00:36]} Qd5
{[%clk 0:19:19]} 35. Rf4 {[%clk 0:00:34]} Qe6 {[%clk 0:18:54]} 36. Qxe6
{[%clk 0:00:33]} fxe6 {[%clk 0:19:16]} 37. Rf6 {[%clk 0:00:33]} Kg7
{[%clk 0:19:29]} 38. Rf3 {[%clk 0:00:36]} Rc1 {[%clk 0:19:12]} 39. Rf4
{[%clk 0:00:40]} e5 {[%clk 0:19:00]} 40. Rf3 {[%clk 0:00:40]} e4 {[%clk 0:19:20]}
41. Rf4 {[%clk 0:00:39]} e3 {[%clk 0:19:34]} 0-1